000 00521nam a2200217Ia 4500
003 OSt
005 20220923230816.0
006 a|||||r|||| 00| 0
007 ta
008 Pun
024 _a305,746
037 _cTextual
040 _aARTS
_cARTS
_bPun
041 _2Pun
_aPun
082 _aQ8441:g, 153J5
100 _aਭਾਰਤ ਸਿੰਘ
245 0 _aਰਹਿਸ ਰਮਗ਼
260 _c1955
942 _hQ8441:g, 153J5
_cTEXL
_2CC
999 _c387536
_d387536